Tsukiji : the fish market at the center of the world /

Detaylı Bibliyografya
Yazar: Bestor, Theodore C.
Materyal Türü: Kitap
Dil:English
Baskı/Yayın Bilgisi: Berkeley : University of California Press, c2004.
Seri Bilgileri:California studies in food and culture
Konular:
Classic Catalogue: View this record in Classic Catalogue
LEADER 02091nam a22004334a 4500
001 45745
003 BD-DhAAL
005 20260518150211.0
008 260512t2004 cauab b s001 0 eng
010 |a  2003022763 
020 |a 0520220234 
020 |a 0520220242 
020 |a 9780520220232 
020 |a 9780520220249 
035 |a 13374103 
040 |a DLC  |c DLC  |d DLC  |d BD-DhAAL 
042 |a pcc 
043 |a a-ja--- 
050 0 0 |a HF5475.J3  |b T65 2004 
082 0 0 |a 381.437952135  |2 22 
100 1 |a Bestor, Theodore C.  |9 60529 
245 1 0 |a Tsukiji :  |b the fish market at the center of the world /  |c Theodore C. Bestor. 
246 3 |a Tsukiji 
260 |a Berkeley :  |b University of California Press,  |c c2004. 
300 |a xxviii, 411 pages :  |b ill., maps ;  |c 24 cm 
490 1 |a California studies in food and culture 
504 |a Includes bibliographical references (p. 361-383) and index. 
505 0 |a Tokyo's pantry -- Grooved channels -- From landfill to marketplace -- The raw and the cooked -- Visible hands -- Family/firm -- Trading places -- Full circle. 
526 8 |a AAL 
541 1 |a Donated by Embassy of Japan in Bangladesh, Read Japan Project 2025, The Tokyo Foundation, supported by The Nippon Foundation.  |e 45745 
610 2 0 |a Tōkyō-to Chūō Oroshiuri Shijō  |x History.  |9 60674 
650 0 |a Markets  |z Japan  |z Tokyo  |x History.  |9 60675 
650 0 |a Seafood industry  |z Japan  |z Tokyo  |x History.  |9 60676 
651 0 |a Tokyo (Japan)  |x Social life and customs.  |9 60677 
830 |a California studies in food and culture 
852 |a Ayesha Abed Library  |c General Stacks 
942 |2 ddc  |c BK 
999 |c 47932  |d 47932 
952 |0 0  |1 0  |2 ddc  |4 0  |6 381_437952135000000_BES  |7 0  |9 79189  |a BRACUL  |b BRACUL  |d 2026-05-12  |e Donated by Embassy of Japan in Bangladesh, Read Japan Project 2025, The Tokyo Foundation, supported by The Nippon Foundation.  |l 0  |o 381.437952135 BES  |p 3010045745  |r 2026-05-12  |t 1  |w 2026-05-12  |y BK  |x Donated copy received from Embassy of Japan in Bangladesh, Read Japan Project 2025, The Tokyo Foundation, supported by The Nippon Foundation on 08 April 2026; $29.95